Get the Picture: International Food Quiz Stats

 Plays Quiz Updated Sep 25, 2019

Score 0/12 Timer 02:30
0 Plays Today
Question Answer Wrong Answers
Sushi Japan
98.3%
France
0.5%
Italy
0.5%
Spain
0.4%
Cannelloni Italy
94.8%
France
3.8%
Japan
0.3%
Spain
0.9%
Lasagne Italy
94.2%
France
2.2%
Japan
0.2%
Spain
0.9%
Gratin Dauphinois France
93%
Italy
1.5%
Japan
0.3%
Spain
3.1%
Empanada Spain
91.3%
France
1.8%
Italy
4%
Japan
0.5%
Bouillabaisse France
91.1%
Italy
3.9%
Japan
0.7%
Spain
1.2%
Gnocchi Italy
89.7%
France
7.2%
Japan
0.7%
Spain
1.2%
Tempura Japan
86.8%
France
1.7%
Italy
3.1%
Spain
5.1%
Unagi Japan
86.2%
France
7%
Italy
2.1%
Spain
3%
Paella Spain
85.3%
France
6.8%
Italy
6.8%
Japan
0.3%
Salade Ni├žoise France
83.9%
Italy
5.7%
Japan
0.8%
Spain
6.1%
Gazpacho Spain
70.6%
France
8%
Italy
17.7%
Japan
0.9%

Today's Daily Dose

Missing Word
1940s A-Z

Quick Pick
'S' Athletes

Get the Picture
Depp or Bonham Carter

You're not logged in!

Compare scores with friends on all Sporcle quizzes.
OR
Log In

Sporcle TV

Today on Sporcle TV


Watch our educational content, quiz creation guides, and fun videos on Sporcle TV.

Show Comments

Extras

Top Quizzes Today


Score Distribution

Your Account Isn't Verified!

In order to create a playlist on Sporcle, you need to verify the email address you used during registration. Go to your Sporcle Settings to finish the process.

Report this User

Report this user for behavior that violates our Community Guidelines.

Details: